000 00462nam a2200157 a 4500
001 000034313
005 20200930073631.0
008 111003s1954 dr a 000 0 spa d
040 _aDO-SdBNP
_bspa
_cBNPHU
082 _axxx
_bS714t
100 1 _aSoriano, German
_937980
245 1 0 _aTrujillo y el mundo en que vivimos/.
260 _aCiudad Trujillo, República Dominicana :
_bImpresora Dominicana,
_c1954.
300 _a30 p. :
_bil. ;
_c22 cm.
049 _aBNPD
999 _c33804
_d33804